000 00593nam a2200193Ia 4500
008 151119s9999||||xx |||||||||||||| ||und||
082 _a923.254
082 _bGKKV17556
100 _aदेसाई जयश्री
245 _aअटलबिहारी वाजपेयी
260 _a--
260 _b--
260 _c1998
600 _aदेसाई जयश्री
630 _aअटलबिहारी वाजपेयी
700 _aदेसाई जयश्री
730 _aअटलबिहारी वाजपेयी
942 _cBOOK
999 _c1070711
_d1070708